| 000 | 01170nam a22002777a 4500 | ||
|---|---|---|---|
| 001 | BD-DhSAU 9022 | ||
| 003 | BD-DhSAU | ||
| 005 | 20181224110306.0 | ||
| 008 | 150612b2008 bg a||||r|||| 000 0 eng d | ||
| 040 | _aBD-DhSAU | ||
| 082 |
_222 _a635 _bM873 |
||
| 100 |
_aMoyazzama, Kamrum _eRegistration No. # 07-02611 |
||
| 245 |
_aEffect of ga3 and potassium on growth and yield of cabbage (brassica oleracea var. capitata l.) / _bMS thesis _cby Kamrum Moyazzama |
||
| 260 |
_aSher-e- Bangla Agricultural University : _bDepartment of Horticulture and Postharvest Technology, _c2008. |
||
| 300 |
_aix, 73 p. : _bill. , _c30 cm. |
||
| 500 | _aMS thesis of Department of Horticulture and Postharvest Technology, Faculty of Agriculture, Sher-e-Bangla Agricultural University, Dhaka, Bangladesh | ||
| 590 | _ajoy | ||
| 650 | _aHorticulture | ||
| 650 | _aPostharvest Technology | ||
| 650 | _abrassica oleracea var. capitata l. | ||
| 650 |
_aCabbage _xGA3 |
||
| 700 |
_aAkand, Md. Hassanuzzaman _eSupervisor |
||
| 700 |
_aHossain, Ismail _eCo-Supervisor |
||
| 856 |
_yOnline Access _uhttp://archive.saulibrary.edu.bd:8080/xmlui/handle/123456789/972 |
||
| 942 |
_2ddc _cTHESIS |
||
| 999 |
_c9022 _d9022 |
||